ՀՀ Գիտությունների ազգային ակադեմիայի հիմնարար գիտական գրադարան  =   Fundamental Scientific Library of NAS RA

Космос : (Record no. 165880)

MARC details
000 -LEADER
fixed length control field 01595nam a2200325 u 4500
001 - CONTROL NUMBER
control field 000456303
003 - CONTROL NUMBER IDENTIFIER
control field AM-YeHGA
005 - DATE AND TIME OF LATEST TRANSACTION
control field 20250617133458.0
008 - FIXED-LENGTH DATA ELEMENTS--GENERAL INFORMATION
fixed length control field 040226s2004 ||| r 000 0 rus d
020 ## - INTERNATIONAL STANDARD BOOK NUMBER
International Standard Book Number 5942785228
020 ## - INTERNATIONAL STANDARD BOOK NUMBER
International Standard Book Number 0-349-10703-3
020 ## - INTERNATIONAL STANDARD BOOK NUMBER
International Standard Book Number 0-517-12355-X
040 ## - CATALOGING SOURCE
Original cataloging agency AM-YeHGA
041 1# - LANGUAGE CODE
Language code of text/sound track or separate title rus
Language code of original eng
090 ## - LOCALLY ASSIGNED LC-TYPE CALL NUMBER (OCLC); LOCAL CALL NUMBER (RLIN)
-- 167306
100 1# - MAIN ENTRY--PERSONAL NAME
Personal name Саган, Карл
245 10 - TITLE STATEMENT
Title Космос :
Remainder of title Эволюция Вселенной, жизни и цивилизации /
Statement of responsibility, etc. Карл Саган; Пер. с англ. А.Г. Сергеева.
260 ## - PUBLICATION, DISTRIBUTION, ETC.
Place of publication, distribution, etc. Санкт-Петербург :
Name of publisher, distributor, etc. Амфора,
Date of publication, distribution, etc. 2004.
300 ## - PHYSICAL DESCRIPTION
Extent 525 с.
Other physical details [4] л. цв. ил.
440 #0 - SERIES STATEMENT/ADDED ENTRY--TITLE
Title Новая эврика
520 ## - SUMMARY, ETC.
Summary, etc. Книга знаменитого американского астрофизика и популяризатора науки Сагана К. рассказывает об эволюции Вселенной, формировании галактик и зарождении жизни и разума. Автор прослеживает пути познания Вселенной.
650 14 - SUBJECT ADDED ENTRY--TOPICAL TERM
Topical term or geographic name entry element Астрономия
Source of heading or term rubbk
650 14 - SUBJECT ADDED ENTRY--TOPICAL TERM
Topical term or geographic name entry element Космология
Form subdivision Популярное издание
653 0# - INDEX TERM--UNCONTROLLED
Uncontrolled term Космос - Происхождение и развитие
653 0# - INDEX TERM--UNCONTROLLED
Uncontrolled term Жизнь - Происхождение и развитие
653 0# - INDEX TERM--UNCONTROLLED
Uncontrolled term Вселенная - Эволюция
653 0# - INDEX TERM--UNCONTROLLED
Uncontrolled term Цивилизация - Эволюция
653 0# - INDEX TERM--UNCONTROLLED
Uncontrolled term Эволюция (биол.)
700 1# - ADDED ENTRY--PERSONAL NAME
Personal name Сергеев, А.Г.
Relator term пер.
Relationship trl
Holdings
Withdrawn status Lost status Source of classification or shelving scheme Damaged status Not for loan Collection Home library Current library Date acquired Total checkouts Full call number Barcode Date last seen Copy number Price effective from Koha item type Public note
    Universal Decimal Classification     Reading Hall Fundamental Scientific Library Fundamental Scientific Library 28/12/2016   PII651127 120651127 28/12/2016 RH1-21/3/23 28/12/2016 Գրքեր / Books ILL Non-Circ.


ՀՀ ԳԱԱ հիմնարար գիտական գրադարան
ՀՀ,Երևան 0019
Մարշալ Բաղրամյան 24/6
հեռախոս:(374-10) 52-47-50
Հետադարձ կապ

All site content, except where otherwise noted, is licensed under a
Creative Commons License